| Поле | Инд. | ПП | Название | Значение |
|---|---|---|---|---|
| Тип записи | a | |||
| Библиографический уровень | b | |||
| 001 | Контрольный номер | RU/IS/BASE/202320450 | ||
| 005 | Дата корректировки | 20200630193234.7 | ||
| 008 | Кодируемые данные | 20060530 | ||
| 084 | a | Индекс другой классификации/Индекс ББК | 66.3(2Рос),13; 66.69(2Рос) | |
| 100 | 1_ | a | Автор | Леньшина Н. В. |
| q | Полное имя | Леньшина Наталья Васильевна | ||
| 245 | a | Заглавие | Конфликты между центром и периферией в партийном строительстве | |
| 504 | a | Библиография | Библиогр. ссылки | |
| 650 | a | Основная рубрика | внутренняя политика | |
| a | Основная рубрика | политика | ||
| a | Основная рубрика | политические партии | ||
| 653 | a | Ключевые слова | партийное строительство | |
| a | Ключевые слова | периферия | ||
| a | Ключевые слова | политические отношения | ||
| a | Ключевые слова | Россия | ||
| a | Ключевые слова | социальные конфликты | ||
| a | Ключевые слова | центр | ||
| 773 | t | Заглавие источника | Вестник Московского университета. Серия 18, Социология и политология | |
| d | Дата издания источника | 2006 | ||
| g | Прочая информация | № 1. - С. 63 - 69 | ||
| w | Контрольный № источника | RU/IS/BASE/199372887 | ||
| 901 | t | Тип документа | b |